000 00966nam a2200229Ia 4500
003 Ost
005 20260507075134.0
008 260507s9999||||xx |||||||||||||| ||und||
020 _a1325673977
040 _cfsecg
041 _aara
082 _a330
100 _aريان، عادل ريان محمد
_eمؤلف
245 0 _aإعداد وكتابة الرسائل العلمية /
_c عادل ريان محمد ريان
260 _aالقاهرة:
_bداينمك,
_c2004
300 _a348 صفحة؛
_bإيضاحات ؛
_c24 سم
490 _aالمنظمة العربية للتنمية الإدارية
520 _aمرحلة ماقبل البحث واختيار المشرفين- مرحلة اختيار موضوع البحث- مرحلة إدارة انشطة البحث والعمل مع هيئة الإشراف- كتابة البحث ومراجعته.
653 _aالبحوث
653 _aالرسائل العلمية
942 _cكتاب
999 _c43241
_d43241